Kafirgiri (Record no. 1067)

MARC details
000 -LEADER
fixed length control field 00516nam a2200229 a 4500
020 ## - INTERNATIONAL STANDARD BOOK NUMBER
ISBN
082 00 - DEWEY DECIMAL CLASSIFICATION NUMBER
Classification number 297.297
Author Cutter PAR
100 ## - MAIN ENTRY--AUTHOR NAME
Author name Parvez, M
245 ## - TITLE STATEMENT
Title Kafirgiri
260 ## - PUBLICATION, DISTRIBUTION, ETC. (IMPRINT)
Place of publication Lahore
Name of publisher Meezan Pu. Ltd
Year of publication 1962
300 ## - PHYSICAL DESCRIPTION
Number of Pages 44p
500 ## - GENERAL NOTE
General note includes index and biblioraphy
650 ## - SUBJECT ADDED ENTRY--TOPICAL TERM
Topical Term Islam-Apostasy
942 ## - ADDED ENTRY ELEMENTS (KOHA)
Koha item type Books
700 1# -
-- Parvez, M
Holdings
Collection code Home library Current library Date acquired Cost, normal purchase price Full call number Accession Number Koha item type
  Henry Martyn Institute Library Henry Martyn Institute Library 03/14/2008 25.00 297.297 PAR 03208 Books
                   Copyright © 2026 | Henry Martyn Institute | Hyderabad | TS-500052 | INDIA | Implemented by hmi.edu.in
Hit-Count:

Powered by Koha